00830nam a2200277Ia 4500001000500000005001700005008004100022020001500063020001800078040003500096084001100131100002800142245004000170250001900210264003000229300002700259336002700286337003300313338002800346490002200374600002900396650003600425650003900461650003000500740002200530439020260216195243.0160601s9999 xx 000 0 und d a9700727742 a9789700727745 aCO-BoRNBPbspaerdacCO-BoRNBP aN MAN11 aMann, Thomasd1875-195513aLa montaña mágica cThomas Mann a2a. edición  aMéxico bPorrúac2001 a712 páginas c22 cm atextobtxt2rdacontent asin mediaciónbn2rdamedia avolumenbnc2rdacarrier aSepan cuantos...  aMann, Thomas d1875-1955142LEMBaNovela alemana ySiglo XX142LEMBaLiteratura alemanaySiglo XX142LEMBaProblemas sociales  aEsbozo de mi vida